000 00296nam a22001337a 4500
008 170911b xxu||||| |||| 00| 0 eng d
020 _a1262307
041 _aeng
080 _a53
100 _a43
101 _aFIZ
245 _aA PHYSICIST GOES BEYOND EINSTEIN
_cMOFFAT, J.W
942 _2udc
_cBK
999 _c27139
_d27139